Introduction to mechatronic design

Saved in:
Bibliografiske detaljer
Hovedforfatter: CARRYER, J. Edward
Format: Bog
Sprog:engelsk
Udgivet: Dorling Kindersley , 2012
Tags: Tilføj Tag
Ingen Tags, Vær først til at tagge denne postø!

MARC

LEADER 00000nam a22000007a 4500
008 210526b ||||| |||| 00| 0 eng d
020 |a 978-81-317-8825-7 
100 |a CARRYER, J. Edward 
245 |a Introduction to mechatronic design  |c J. Edward Carryer,R. Matthew Ohline [and] Thomas W. Kenny.-  
260 |b Dorling Kindersley  |c , 2012  |h New Delhi  |i 691112, 691113 – Tech.  |l TJ163.12 .C23  |m Mechatronics 
500 |a “It includes index” 
942 |a lcc  |c BK  |e Mr ogunleye  |f 26/5/2021 
952 |0 0  |1 0  |2 lcc  |4 0  |6 TJ016312 C23  |7 0  |9 2449  |a HOL  |b HOL  |d 2021-05-26  |l 0  |o TJ163.12 .C23  |p 2021-6301  |r 2021-05-26 00:00:00  |w 2021-05-26  |y BK 
952 |0 0  |1 0  |2 lcc  |4 0  |6 TJ016312 C23  |7 0  |9 2450  |a HOL  |b TL  |d 2021-05-26  |l 0  |o TJ163.12 .C23  |p 2021-6302  |r 2021-05-26 00:00:00  |w 2021-05-26  |y BK 
999 |c 1276  |d 1276